[Event "28th CRO-chT Women 2019"]
[Site "Mali Losinj"]
[Date "2019.10.04"]
[Round "8.7"]
[White "Berke, Ana"]
[Black "Alaber, Maja"]
[Result "1-0"]
[WhiteElo "2060"]
[BlackElo "1494"]
[Annotator "NA"]
[PlyCount "89"]
[EventDate "2019.09.28"]
[EventType "team-tourn"]
[EventCountry "CRO"]
[SourceTitle "playchess.com"]
[Source "ChessBase"]
[SourceQuality "1"]
[TimeControl "40/5400+30:1800+30"]

1. e4 {[%emt 0:10:30]} e5 {[%emt 0:00:30]} 2. Nf3 {[%emt 0:00:30]} Nc6 {[%emt 0:00:00]} 3. Nc3 {[%emt 0:00:30]} Bc5 {[%emt 0:01:00]} 4. Bb5 {[%emt 0:00:30]} Nd4 {[%emt 0:02:30]} 5. O-O {[%emt 0:00:30]} c6 {[%emt 0:02:30]} 6. Bc4 {[%emt 0:02:30]} d6 {[%emt 0:01:30]} 7. Nxd4 {[%emt 0:03:30]} Bxd4 {[%emt 0:00:30]} 8. d3 {[%emt 0:00:30]} b5 {[%emt 0:03:30]} 9. Bb3 {[%emt 0:00:30]} a5 {[%emt 0:02:30]} 10. a3 {[%emt 0:00:30]} h6 {[%emt 0:02:30]} 11. Be3 {[%emt 0:00:30]} Bxe3 {[%emt 0:03:30]} 12. fxe3 {[%emt 0:00:00]} Nf6 {[%emt 0:01:30]} 13. Ne2 {[%emt 0:02:00]} Bg4 {[%emt 0:03:30]} 14. Qe1 {[%emt 0:01:30]} O-O {[%emt 0:02:30]} 15. Ng3 {[%emt 0:00:30]} d5 {[%emt 0:06:30]} 16. exd5 {[%emt 0:02:30]} Nxd5 {[%emt 0:00:30]} 17. Qf2 {[%emt 0:01:30]} Qg5 {[%emt 0:06:30]} 18. Rae1 {[%emt 0:02:30]} Qg6 {[%emt 0:07:30]} 19. Nf5 {[%emt 0:02:30]} Bxf5 {[%emt 0:03:30]} 20. Qxf5 {[%emt 0:00:30]} Qxf5 {[%emt 0:00:30]} 21. Rxf5 {[%emt 0:00:30]} Rae8 {[%emt 0:01:30]} 22. g3 {[%emt 0:01:30]} a4 {[%emt 0:01:30]} 23. Ba2 {[%emt 0:00:30]} g6 {[%emt 0:02:30]} 24. Rf2 {[%emt 0:00:30]} Kg7 {[%emt 0:00:30]} 25. e4 {[%emt 0:01:30]} Ne7 {[%emt 0:02:30]} 26. Ref1 {[%emt 0:00:30]} f5 {[%emt 0:00:30]} 27. Be6 {[%emt 0:01:30]} fxe4 {[%emt 0:04:30]} 28. Rf7+ {[%emt 0:01:30]} Rxf7 {[%emt 0:00:30]} 29. Rxf7+ {[%emt 0:00:30]} Kh8 {[%emt 0:00:30]} 30. Bd7 {[%emt 0:00:30]} Rb8 {[%emt 0:03:30]} 31. Rxe7 {[%emt 0:00:30]} Rb7 {[%emt 0:00:00]} 32. dxe4 {[%emt 0:00:30]} c5 {[%emt 0:01:00]} 33. Kf2 {[%emt 0:01:30]} b4 {[%emt 0:00:30]} 34. Re8+ {[%emt 0:00:30]} Kg7 {[%emt 0:00:30]} 35. Bxa4 {[%emt 0:00:00]} bxa3 {[%emt 0:00:30]} 36. bxa3 {[%emt 0:00:00]} Ra7 {[%emt 0:00:30]} 37. Bb3 {[%emt 0:00:30]} Rxa3 {[%emt 0:01:30]} 38. Rxe5 {[%emt 0:00:00]} Ra5 {[%emt 0:00:00]} 39. Bc4 {[%emt 0:01:00]} Kf6 {[%emt 0:01:00]} 40. Re6+ {[%emt 0:00:00]} Kg7 {[%emt 0:00:00]} 41. e5 {[%emt 0:01:00]} Ra8 {[%emt 0:02:00]} 42. Re7+ {[%emt 0:00:00]} Kh8 {[%emt 0:01:30]} 43. e6 {[%emt 0:00:00]} Rf8+ {[%emt 0:00:30]} 44. Rf7 {[%emt 0:00:30]} Re8 {[%emt 0:00:00]} 45. e7 {[%emt 0:00:00]} 1-0

[Event "28th CRO-chT Women 2019"]
[Site "Mali Losinj"]
[Date "2019.10.04"]
[Round "8.8"]
[White "Smetisko, Renata"]
[Black "Bogdanic, Katarina"]
[Result "0-1"]
[WhiteElo "1253"]
[BlackElo "1899"]
[Annotator "NA"]
[PlyCount "78"]
[EventDate "2019.09.28"]
[EventType "team-tourn"]
[EventCountry "CRO"]
[SourceTitle "playchess.com"]
[Source "ChessBase"]
[SourceQuality "1"]
[TimeControl "40/5400+30:1800+30"]

1. e4 {[%emt 0:00:00]} c5 {[%emt 0:00:30]} 2. Bc4 {[%emt 0:00:00]} e6 {[%emt 0:00:30]} 3. Nc3 {[%emt 0:02:30]} Nc6 {[%emt 0:00:30]} 4. Nf3 {[%emt 0:00:30]} g6 {[%emt 0:03:30]} 5. d3 {[%emt 0:02:30]} Bg7 {[%emt 0:00:00]} 6. O-O {[%emt 0:01:30]} Nge7 {[%emt 0:01:00]} 7. Re1 {[%emt 0:00:30]} d6 {[%emt 0:00:30]} 8. Bg5 {[%emt 0:02:30]} h6 {[%emt 0:03:30]} 9. Bf4 {[%emt 0:00:30]} O-O {[%emt 0:01:30]} 10. Qd2 {[%emt 0:02:30]} Kh7 {[%emt 0:02:30]} 11. e5 {[%emt 0:01:30]} dxe5 {[%emt 0:08:30]} 12. Nxe5 {[%emt 0:03:30]} b6 {[%emt 0:25:30]} 13. Re3 {[%emt 0:06:30]} Nxe5 {[%emt 0:07:30]} 14. Bxe5 {[%emt 0:00:30]} f6 {[%emt 0:05:30]} 15. Bf4 {[%emt 0:02:30]} e5 {[%emt 0:01:30]} 16. Bg3 {[%emt 0:22:30]} Bb7 {[%emt 0:01:30]} 17. f4 {[%emt 0:00:30]} Nf5 {[%emt 0:10:30]} 18. Re2 {[%emt 0:01:30]} Nxg3 {[%emt 0:01:30]} 19. hxg3 {[%emt 0:01:30]} Qd7 {[%emt 0:02:30]} 20. Kf2 {[%emt 0:01:30]} exf4 {[%emt 0:04:28]} 21. gxf4 {[%emt 0:03:30]} Rae8 {[%emt 0:01:58]} 22. Rh1 {[%emt 0:02:30]} Rxe2+ {[%emt 0:02:01]} 23. Qxe2 {[%emt 0:00:30]} Re8 {[%emt 0:00:20]} 24. Qd2 {[%emt 0:04:30]} Qg4 {[%emt 0:02:34]} 25. Ne4 {[%emt 0:02:30]} Bxe4 {[%emt 0:05:06]} 26. dxe4 {[%emt 0:03:30]} Rxe4 {[%emt 0:00:20]} 27. Bd3 {[%emt 0:05:30]} Rxf4+ {[%emt 0:01:50]} 28. Kg1 {[%emt 0:03:30]} Qg5 {[%emt 0:01:42]} 29. Qe2 {[%emt 0:00:30]} f5 {[%emt 0:01:44]} 30. Rh3 {[%emt 0:03:34]} Bd4+ {[%emt 0:01:15]} 31. Kh2 {[%emt 0:01:33]} Rf2 {[%emt 0:00:26]} 32. Rg3 {[%emt 0:02:15]} Qh4+ {[%emt 0:00:09]} 33. Rh3 {[%emt 0:00:59]} Qf4+ {[%emt 0:00:07]} 34. Kh1 {[%emt 0:00:13]} Rxe2 {[%emt 0:00:06]} 35. Bxe2 {[%emt 0:00:12]} Qc1+ {[%emt 0:00:20]} 36. Kh2 {[%emt 0:00:28]} Be5+ {[%emt 0:00:08]} 37. g3 {[%emt 0:00:10]} Qxc2 {[%emt 0:00:10]} 38. Kh1 {[%emt 0:00:39]} Qxe2 {[%emt 0:00:03]} 39. g4 {[%emt 0:00:47]} Qf1# {[%emt 0:00:05]} 0-1

[Event "28th CRO-chT Women 2019"]
[Site "Mali Losinj"]
[Date "2019.10.05"]
[Round "9.2"]
[White "Djukic, Sandra"]
[Black "Blazeka, Mihaela"]
[Result "1-0"]
[WhiteElo "2179"]
[BlackElo "2109"]
[Annotator "TA"]
[PlyCount "43"]
[EventDate "2019.09.28"]
[EventType "team-tourn"]
[EventCountry "CRO"]
[SourceTitle "playchess.com"]
[Source "ChessBase"]
[SourceQuality "1"]

{[%evp 28,43,40,48,64,68,314,309,566,579,571,560,568,565,638,647,604,447]} 1. d4 Nf6 2. c4 e6 3. Nc3 Bb4 4. Nf3 b6 5. Bg5 Bb7 6. e3 h6 7. Bh4 g5 8. Bg3 Ne4 9. Qc2 Bxc3+ 10. bxc3 d6 11. Bd3 f5 12. d5 exd5 13. cxd5 Bxd5 14. Nd4 Qf6 15. f3 Nxg3 {E13: Queen's Indian/Nimzo-Indian hybrid: 4 Nc3 Bb7 5 Bg5 h6 6 Bh4 Bb4} 16. hxg3 f4 $2 ({Black should play} 16... Nd7 $14) (16... Nd7 17. Bxf5 O-O-O 18. O-O-O Bb7 19. g4 Kb8 20. Bxd7 Rxd7 21. Nf5 Rdh7 22. Rh5 Bc6 23. Rdh1 Be8 24. R5h3 h5 25. gxh5 Rxh5 26. Rxh5 Rxh5 27. Rxh5 Bxh5 {0-1 (47) Lauber,A (2517)-Movsesian,S (2711) Germany 2010}) 17. Be4 $18 Qe5 $146 (17... c6 {keeps fighting.} 18. gxf4 gxf4 19. Bxd5 cxd5 20. exf4 Nd7) ({Predecessor:} 17... c6 18. Bxd5 cxd5 19. gxf4 gxf4 20. exf4 Nd7 21. Kf2 Nc5 22. Rae1+ Kf7 23. Rh5 {1-0 (31) Veneteanu,I (2225)-Brajovic,R (2320) Bucharest 1998}) 18. Bxd5 {White is clearly winning.} Qxd5 19. Qg6+ {[%mdl 64] [#] Double Attack} Qf7 20. Qe4+ {[%mdl 64] Double Attack} Qe7 {Black wants to play ...Qxe4.} 21. Qxa8 {[%mdl 64] Double Attack} Qxe3+ 22. Ne2 1-0

[Event "28th CRO-chT Women 2019"]
[Site "Mali Losinj"]
[Date "2019.10.05"]
[Round "9.4"]
[White "Bogdanic, Katarina"]
[Black "Balent, Sara"]
[Result "1-0"]
[WhiteElo "1899"]
[BlackElo "1132"]
[Annotator "NA"]
[PlyCount "35"]
[EventDate "2019.09.28"]
[EventType "team-tourn"]
[EventCountry "CRO"]
[SourceTitle "playchess.com"]
[Source "ChessBase"]
[SourceQuality "1"]
[TimeControl "40/5400+30:1800+30"]

1. Nf3 {[%emt 0:00:30]} Nf6 {[%emt 0:00:30]} 2. c4 {[%emt 0:00:00]} e6 {[%emt 0:00:30]} 3. g3 {[%emt 0:00:00]} Be7 {[%emt 0:00:30]} 4. Bg2 {[%emt 0:00:30]} O-O {[%emt 0:00:30]} 5. O-O {[%emt 0:00:30]} d5 {[%emt 0:00:30]} 6. d4 {[%emt 0:03:30]} b6 {[%emt 0:01:30]} 7. cxd5 {[%emt 0:09:30]} exd5 {[%emt 0:01:30]} 8. Nc3 {[%emt 0:06:30]} Bb7 {[%emt 0:01:30]} 9. Bf4 {[%emt 0:02:30]} Nbd7 {[%emt 0:00:30]} 10. Nb5 {[%emt 0:05:30]} c5 {[%emt 0:02:30]} 11. Bc7 {[%emt 0:03:30]} Qe8 {[%emt 0:01:30]} 12. Nd6 {[%emt 0:01:30]} Bxd6 {[%emt 0:01:30]} 13. Bxd6 {[%emt 0:00:00]} Rc8 {[%emt 0:02:30]} 14. Bxf8 {[%emt 0:00:00]} Qxf8 {[%emt 0:00:30]} 15. Rc1 {[%emt 0:00:30]} Qe7 {[%emt 0:01:30]} 16. e3 {[%emt 0:05:30]} Ne4 {[%emt 0:01:30]} 17. Bh3 {[%emt 0:03:30]} Re8 {[%emt 0:01:30]} 18. Qa4 {[%emt 0:01:30]} 1-0

[Event "28th CRO-chT Women 2019"]
[Site "Mali Losinj"]
[Date "2019.10.05"]
[Round "9.5"]
[White "Salimova, Nurgyul"]
[Black "Eric, Jovana"]
[Result "0-1"]
[WhiteElo "2415"]
[BlackElo "2285"]
[Annotator "TA"]
[PlyCount "114"]
[EventDate "2019.09.28"]
[EventType "team-tourn"]
[EventCountry "CRO"]
[SourceTitle "playchess.com"]
[Source "ChessBase"]
[SourceQuality "1"]

{[%evp 16,114,42,23,38,20,25,0,0,0,0,-74,-95,-86,-91,-108,-109,-143,-154,-133,-154,-150,-138,-239,-229,-215,-204,-217,-199,-236,-203,-252,-222,-223,-220,-225,-205,-251,-244,-259,-226,-264,-254,-289,-256,-270,-247,-243,-241,-255,-251,-255,-236,-268,-269,-293,-277,-316,-312,-379,-342,-323,-302,-307,-300,-304,-265,-254,-233,-274,-249,-422,-412,-453,-394,-472,-433,-431,-466,-481,-507,-513,-495,-464,-434,-707,-702,-655,-645,-1725,-1710,-1398,-1023,-1030,-1030,-1022,-1022,-1022,-972,-886,-813]} 1. e4 c5 2. Nf3 d6 3. d4 cxd4 4. Nxd4 Nf6 5. Nc3 a6 6. Bg5 e6 7. f4 h6 8. Bh4 Be7 9. Qf3 Nc6 {B98: Sicilian Najdorf: 6 Bg5 e6 7 f4 Be7, sidelines} (9... g5 10. fxg5 Nfd7 11. Nxe6 fxe6 12. Qh5+ Kf8 13. Bb5 Rh7 14. O-O+ Kg8 15. g6 Rg7 16. Rf7 Bxh4 17. Qxh6 Rxf7 18. gxf7+ Kxf7 19. Rf1+ Bf6 20. e5 dxe5 21. Ne4 Qb6+ {½-½ (30) Karjakin,S (2752)-Nepomniachtchi,I (2773) Abidjan 2019}) 10. Nxc6 bxc6 11. e5 Nd5 {The position is equal.} 12. Bxe7 Qxe7 13. Ne4 (13. Bd3 $1 $11) 13... dxe5 $17 14. fxe5 Qb4+ {[%mdl 64] Double Attack} 15. c3 Qxb2 16. Nd6+ Ke7 17. Rd1 Qxc3+ 18. Qxc3 Nxc3 19. Rc1 $146 (19. Rd3 $17 {was called for.} Nb5 20. Be2) 19... Nxa2 $19 20. Rxc6 Nb4 21. Rc4 Nd5 22. Be2 f6 23. Rc1 fxe5 24. Nc4 Bd7 25. Nxe5 {Threatening Ng6+.} Rhc8 26. Kd2 Rxc1 27. Rxc1 a5 28. Rf1 {intending Rf7+.} Be8 29. Rb1 Nb4 30. Ke3 Rc8 31. Nc4 Nd5+ 32. Kd4 a4 33. Bf3 Rd8 34. Ke5 Bc6 35. Na5 {[#]} Ba8 $1 36. Rc1 {If only White now had time for Nc6+....} Nb6 {aiming for ...Bxf3.} 37. Nc6+ Bxc6 $1 38. Rxc6 {[%mdl 4096] Endgame KRB-KRN} Nd7+ 39. Kf4 Rb8 40. Ra6 Rb4+ 41. Ke3 Ne5 42. Bd1 {[#]} a3 $1 {[%cal Ba4a3,Ba3a2][%mdl 32]} 43. Be2 $2 (43. Kd2 {was worth a try.}) (43. Rxa3 Nc4+) 43... Rb3+ 44. Kd4 Kf6 45. Bf1 Rb1 {Black is clearly winning.} 46. Be2 Rb2 47. Ke3 a2 48. h3 g5 49. g3 Rc2 50. Ra4 (50. Bb5 $142) 50... Nd7 51. Ra7 Nc5 52. Bh5 Nb3 53. Ke4 e5 ({Weaker is} 53... g4 54. Rf7+ Kg5 55. Rg7+ Kf6 56. Rf7+ Kg5 57. Rg7+ Kf6 58. Rf7+ $11) 54. Ra6+ Ke7 {White must now prevent ...Nc5+.} 55. Ra7+ Kd6 56. Ra6+ Kc7 {Threatens to win with ...Nc5+.} 57. Ra7+ Kb8 {Accuracy: White = 45%, Black = 89%.} 0-1

[Event "28th CRO-chT Women 2019"]
[Site "Mali Losinj"]
[Date "2019.10.05"]
[Round "9.6"]
[White "Sulc, Gordana"]
[Black "Saric, Kristina"]
[Result "0-1"]
[WhiteElo "1882"]
[BlackElo "2222"]
[Annotator "TA"]
[PlyCount "56"]
[EventDate "2019.09.28"]
[EventType "team-tourn"]
[EventCountry "CRO"]
[SourceTitle "playchess.com"]
[Source "ChessBase"]
[SourceQuality "1"]

{[%evp 14,111,50,33,62,52,85,47,67,39,38,31,31,9,14,-16,0,4,0,-22,-18,-31,-30,-34,-37,-40,-35,-46,-48,-89,-85,-80,-96,-114,-101,-129,-107,-120,-123,-193,-189,-189,-183,-183,-133,-160,-39,-175,-184,-208,-208,-208,-208,-215,-208,-208,-208,-210,-204,-212,-209,-274,-208,-208,-208,-208,-189,-215,-212,-356,-295,-310,-241,-246,-223,-319,-301,-285,-265,-259,-221,-218,-218,-218,-224,-395,-302,-858,-804,-1183,-1204,-1128,-1097,-1468,-1463,-1409,-1409,-1377,-1315,-874]} 1. e4 c5 2. Nf3 Nc6 3. d4 cxd4 4. Nxd4 Qb6 5. Nb3 Nf6 6. Nc3 e6 7. Bd3 Bb4 8. O-O Bxc3 {B33: Sicilian: Pelikan and Sveshnikov Variations} (8... O-O 9. Bd2 d5 10. exd5 exd5 11. h3 Be6 12. Be3 Qd8 13. Nb5 Ne4 14. c3 Be7 15. N5d4 Qd7 16. Nxe6 Qxe6 {½-½ (59) Chigaev,M (2551)-Alekseenko,K (2552) St Petersburg 2016}) 9. bxc3 d6 10. a4 $146 ({Predecessor:} 10. Ba3 Qc7 11. Re1 d5 12. exd5 Nxd5 13. Be4 Nxc3 14. Bxc6+ Qxc6 15. Qh5 Bd7 16. Nd4 Qa6 17. Nxe6 Bxe6 18. Qc5 Nd5 19. c4 {1-0 (19) Goins,D (2356)-Turner,G (2320) IECG email 2005}) 10... Ne5 {White is slightly better.} 11. h3 O-O 12. Bg5 Ned7 13. Kh1 h6 14. Bh4 g5 15. Bg3 {[#] aiming for f4.} e5 $1 16. h4 Kg7 17. a5 Qc6 18. Nd2 Nc5 $36 {[%mdl 2048] Black has the initiative.} 19. Qe2 Be6 20. Bb5 Qc7 21. Ra3 Rac8 22. Re1 Qe7 23. Bd3 Bg4 24. f3 Nh5 25. Qf2 Be6 26. Raa1 (26. Bc4 $17) 26... Nxd3 $19 27. cxd3 Rxc3 28. d4 Rd3 {Played: Rc3-c2} 0-1

[Event "28th CRO-chT Women 2019"]
[Site "Mali Losinj"]
[Date "2019.10.05"]
[Round "9.7"]
[White "Spiranec, Noemi"]
[Black "Mican, Karmela"]
[Result "1-0"]
[WhiteElo "2137"]
[BlackElo "1885"]
[Annotator "TA"]
[PlyCount "65"]
[EventDate "2019.09.28"]
[EventType "team-tourn"]
[EventCountry "CRO"]
[SourceTitle "playchess.com"]
[Source "ChessBase"]
[SourceQuality "1"]

{[%evp 14,65,21,20,57,56,83,85,84,88,84,72,85,81,80,86,87,79,74,75,90,87,104,93,163,97,158,76,203,217,537,556,815,801,893,657,587,345,690,664,2116,2075,5393,5406,29989,29990,29990,29991,29991,29992,29994,29992,29994,29993]} 1. d4 d5 2. c4 e6 3. Nf3 Nf6 4. g3 Be7 5. Bg2 O-O 6. O-O c6 7. Qc2 Nbd7 8. Rd1 Bd6 {E08: Closed Catalan: Main Line: 7 Qc2} (8... b6 9. b3 Bb7 10. Nc3 Ba6 11. e4 dxc4 12. e5 Nd5 13. bxc4 Bxc4 14. Ne4 b5 15. Neg5 g6 16. h4 Qe8 17. h5 h6 18. Ne4 {1-0 (44) Abasov,N (2632)-Piorun,K (2660) Khanty-Mansiysk 2019}) 9. Nc3 {[%cal Bb1c3,Bc3e4,Be4d6][%mdl 32]} b6 10. e4 dxe4 {White is better.} 11. Ng5 $146 ({Predecessor:} 11. Ne5 Qc7 12. Nxc6 Bb7 13. d5 a6 14. Nxe4 Nxe4 15. Qxe4 e5 16. b4 {1-0 (35) Baljiev,C (2274)-Garmaev,L (1854) Ulan Ude 2014}) 11... Bb7 12. Ngxe4 Be7 13. Bf4 Nxe4 14. Nxe4 Nf6 15. c5 Nd5 16. Bd6 Bxd6 17. Nxd6 Qc7 18. Rac1 b5 (18... a5 $16) 19. Re1 (19. Bxd5 $18 exd5 20. Re1) 19... a5 (19... Nf6 $142) 20. Re5 ({White should try} 20. Bxd5 exd5 21. Re5) 20... Rab8 (20... Nf6 $16 {was called for.}) 21. Bxd5 $1 $18 exd5 $2 (21... cxd5 {is tougher.} 22. Nxb5 Qd7) 22. Rce1 Qd8 23. Re7 Ba6 24. Qf5 {[%cal Rd6f7]} Bc8 25. Qe5 {[#] White wants to mate with Ne8.} Bd7 $2 (25... Be6) 26. f4 f6 27. Qh5 a4 28. f5 Ra8 {[#]} 29. Qg4 $1 {[%csl Ge7][%cal Rg4g7][%mdl 512] White mates.} g6 30. Qh4 {[%csl Ge7][%cal Rh4h7]} h5 31. fxg6 Bg4 32. h3 Bf3 33. Qf4 {Accuracy: White = 66%, Black = 12%.} 1-0

[Event "28th CRO-chT Women 2019"]
[Site "Mali Losinj"]
[Date "2019.10.05"]
[Round "9.8"]
[White "Ascic, Josipa"]
[Black "Vujnovic, Patricija"]
[Result "0-1"]
[WhiteElo "1692"]
[BlackElo "2052"]
[Annotator "NA"]
[PlyCount "76"]
[EventDate "2019.09.28"]
[EventType "team-tourn"]
[EventCountry "CRO"]
[SourceTitle "playchess.com"]
[Source "ChessBase"]
[SourceQuality "1"]
[TimeControl "40/5400+30:1800+30"]

1. e4 {[%emt 0:00:00]} c6 {[%emt 0:03:30]} 2. d4 {[%emt 0:00:00]} d5 {[%emt 0:00:30]} 3. Nc3 {[%emt 0:00:30]} dxe4 {[%emt 0:00:00]} 4. Nxe4 {[%emt 0:00:30]} Nf6 {[%emt 0:00:00]} 5. Nxf6+ {[%emt 0:01:30]} exf6 {[%emt 0:00:30]} 6. c3 {[%emt 0:00:30]} Bd6 {[%emt 0:00:00]} 7. Bd3 {[%emt 0:00:30]} O-O {[%emt 0:00:00]} 8. Qc2 {[%emt 0:00:30]} Re8+ {[%emt 0:00:30] B15: Caro-Kann: 3 Nc3: 3...g6 and 3...dxe4 4 Nxe4 Nf6 5 Nxf6+ exf6} 9. Ne2 {[%emt 0:00:30]} h5 {[%emt 0:00:30]} 10. Be3 {[%emt 0:00:30]} Nd7 {[%emt 0:00:30]} 11. O-O-O {[%emt 0:01:30]} Nf8 {[%emt 0:00:00]} 12. Bf4 $146 {[%emt 0:02:30]} ({Predecessor:} 12. Kb1 Be6 13. c4 Rc8 14. h3 h4 15. Rdg1 b5 16. c5 {½-½ (45) Saric,I (2669)-Howell,D (2676) Riadh 2017}) 12... Rxe2 {[%emt 0:01:00]} 13. Bxe2 {[%emt 0:00:30]} Bxf4+ {[%emt 0:00:30]} 14. Kb1 {[%emt 0:00:30]} Be6 {[%emt 0:00:30]} 15. g3 {[%emt 0:01:30]} Bd6 {[%emt 0:00:30]} 16. Bxh5 {[%emt 0:01:30]} Qa5 {[%emt 0:01:30]} 17. Be2 {[%emt 0:01:30]} Qxa2+ {[%emt 0:00:30]} 18. Kc1 {[%emt 0:00:00]} Bb3 {[%emt 0:00:30]} 19. Qb1 {[%emt 0:03:00]} Qxb1+ {[%emt 0:00:00]} 20. Kxb1 {[%emt 0:00:30]} Bxd1 {[%emt 0:00:00]} 21. Bxd1 {[%emt 0:00:00]} Re8 {[%emt 0:00:30]} 22. Kc2 {[%emt 0:00:00]} a5 {[%emt 0:00:30]} 23. h4 {[%emt 0:00:30]} Ne6 {[%emt 0:01:30]} 24. h5 {[%emt 0:01:30]} b5 {[%emt 0:02:30]} 25. Bf3 {[%emt 0:02:30]} Rc8 {[%emt 0:00:30]} 26. h6 {[%emt 0:00:30]} g6 {[%emt 0:00:30]} 27. d5 {[%emt 0:01:30]} Ng5 {[%emt 0:01:30]} 28. Bg2 {[%emt 0:00:30]} c5 {[%emt 0:00:30]} 29. f4 {[%emt 0:02:30]} Nh7 {[%emt 0:00:30]} 30. Bf1 {[%emt 0:03:30]} b4 {[%emt 0:01:30]} 31. c4 {[%emt 0:00:00]} a4 {[%emt 0:00:30]} 32. Bd3 {[%emt 0:01:00]} f5 {[%emt 0:00:30]} 33. Ra1 {[%emt 0:00:30]} Ra8 {[%emt 0:00:30]} 34. Be2 {[%emt 0:03:30]} Nf6 {[%emt 0:00:30]} 35. Bf3 {[%emt 0:00:30]} Kh7 {[%emt 0:00:30]} 36. Rh1 {[%emt 0:00:30]} Ng8 {[%emt 0:00:30]} 37. g4 {[%emt 0:01:30]} fxg4 {[%emt 0:00:30]} 38. Bxg4 {[%emt 0:00:30]} f5 $19 {[%emt 0:03:30]} 0-1